3-Named Actors Quiz Stats

 Plays Quiz Updated Dec 26, 2018

Challenge
Share
Tweet
Embed
Score 0/72 Timer 07:00
0 Plays Today
1st or 2nd Name Last/Full Name % Correct
BillyBilly Bob Thornton
76.4%
BobBilly Bob Thornton
76.4%
HelenaHelena Bonham Carter
71.4%
BonhamHelena Bonham Carter
71.4%
NeilNeil Patrick Harris
70.2%
PatrickNeil Patrick Harris
70.2%
JenniferJennifer Love Hewitt
61.3%
LoveJennifer Love Hewitt
61.3%
TommyTommy Lee Jones
60.8%
LeeTommy Lee Jones
60.8%
JonathanJonathan Taylor Thomas
58.7%
TaylorJonathan Taylor Thomas
58.7%
JessicaSarah Jessica Parker
57.8%
SarahSarah Jessica Parker
57.8%
MelissaMelissa Joan Hart
53.2%
JoanMelissa Joan Hart
53.2%
LouLou Diamond Phillips
51.2%
DiamondLou Diamond Phillips
51.2%
SoleilSoleil Moon Frye
48.1%
MoonSoleil Moon Frye
48.1%
AnnaAnna Nicole Smith
46.5%
NicoleAnna Nicole Smith
46.5%
MaryMary Tyler Moore
46.4%
TylerMary Tyler Moore
46.4%
LaraLara Flynn Boyle
44.4%
FlynnLara Flynn Boyle
44.4%
SarahSarah Michelle Gellar
43.9%
MichelleSarah Michelle Gellar
43.9%
KeenenKeenen Ivory Wayans
43.9%
IvoryKeenen Ivory Wayans
43.9%
HaleyHaley Joel Osment
43.1%
JoelHaley Joel Osment
43.1%
JenniferJennifer Jason Leigh
42.8%
JasonJennifer Jason Leigh
42.8%
JamieJamie Lee Curtis
40.7%
LeeJamie Lee Curtis
40.7%
1st or 2nd Name Last/Full Name % Correct
SeannSeann William Scott
36.4%
WilliamSeann William Scott
36.4%
BillyBilly Dee Williams
32.8%
DeeBilly Dee Williams
32.8%
AnthonyAnthony Michael Hall
32.3%
MichaelAnthony Michael Hall
32.3%
KeshiaKeshia Knight Pulliam
30.4%
KnightKeshia Knight Pulliam
30.4%
ThomasThomas Haden Church
25.1%
HadenThomas Haden Church
25.1%
EvanEvan Rachel Wood
25%
RachelEvan Rachel Wood
25%
CharlesCharles Nelson Reilly
21.9%
NelsonCharles Nelson Reilly
21.9%
PenelopePenelope Ann Miller
21.6%
AnnPenelope Ann Miller
21.6%
RaeRae Dawn Chong
20.3%
DawnRae Dawn Chong
20.3%
MaryMary Stuart Masterson
20.1%
StuartMary Stuart Masterson
20.1%
DavidDavid Alan Grier
19.6%
AlanDavid Alan Grier
19.6%
EdwardEdward James Olmos
18%
JamesEdward James Olmos
18%
JanJan Michael Vincent
17.6%
MichaelJan Michael Vincent
17.6%
LesleyLesley Ann Warren
16.6%
AnnLesley Ann Warren
16.6%
RichardRichard Dean Anderson
15.9%
DeanRichard Dean Anderson
15.9%
ElizabethMary Elizabeth Mastrantonio
9.6%
MaryMary Elizabeth Mastrantonio
9.6%
RobertRobert Sean Leonard
5.6%
SeanRobert Sean Leonard
5.6%
DavidDavid James Elliott
2.9%
JamesDavid James Elliott
2.9%

You're not logged in!

Compare scores with friends on all Sporcle quizzes.
OR
Log In

You Might Also Like...

Show Comments

Extras

Top Quizzes Today


Score Distribution

Your Account Isn't Verified!

In order to create a playlist on Sporcle, you need to verify the email address you used during registration. Go to your Sporcle Settings to finish the process.

Report this User

Report this user for behavior that violates our Community Guidelines.

Details: